| 000 | 00403nam a22001577a 4500 | ||
|---|---|---|---|
| 999 |
_c9030 _d9030 |
||
| 003 | OSt | ||
| 008 | 200715b ||||| |||| 00| 0 eng d | ||
| 020 | _a9789381595756 | ||
| 100 | _a Sakarkar ,D M and Tembhurne , S V | ||
| 245 | _aPrinciples and Fundamentals in Pharmacology Vol II | ||
| 250 | _a2017 | ||
| 260 |
_aNew Delhi _bNirali |
||
| 300 | _aPg-1.10 | ||
| 650 | _aPharmacology | ||
| 942 |
_2ddc _cBK |
||